<?xml version="1.0" encoding="UTF-8"?><?xml-stylesheet type="text/xsl" href="static/style.xsl"?><OAI-PMH xmlns="http://www.openarchives.org/OAI/2.0/" xmlns:xsi="http://www.w3.org/2001/XMLSchema-instance" xsi:schemaLocation="http://www.openarchives.org/OAI/2.0/ http://www.openarchives.org/OAI/2.0/OAI-PMH.xsd"><responseDate>2026-06-02T10:59:04Z</responseDate><request verb="GetRecord" identifier="oai:riuma.uma.es:10630/45628" metadataPrefix="marc">https://riuma.uma.es/rest/oai/request</request><GetRecord><record><header><identifier>oai:riuma.uma.es:10630/45628</identifier><datestamp>2026-02-21T00:46:23Z</datestamp><setSpec>com_10630_2254</setSpec><setSpec>col_10630_37953</setSpec></header><metadata><record xmlns="http://www.loc.gov/MARC21/slim" xmlns:dcterms="http://purl.org/dc/terms/" xmlns:doc="http://www.lyncode.com/xoai" xmlns:xsi="http://www.w3.org/2001/XMLSchema-instance" xsi:schemaLocation="http://www.loc.gov/MARC21/slim http://www.loc.gov/standards/marcxml/schema/MARC21slim.xsd">
   <leader>00925njm 22002777a 4500</leader>
   <datafield ind2=" " ind1=" " tag="042">
      <subfield code="a">dc</subfield>
   </datafield>
   <datafield ind2=" " ind1=" " tag="720">
      <subfield code="a">Castilla-Ortega, Marina</subfield>
      <subfield code="e">author</subfield>
   </datafield>
   <datafield ind2=" " ind1=" " tag="260">
      <subfield code="c">2024</subfield>
   </datafield>
   <datafield ind2=" " ind1=" " tag="520">
      <subfield code="a">La idea del Real Monasterio de El Escorial como “octava Maravilla del mundo” (y superior a las siete restantes) constituye uno de los tópicos literarios que más fama ha otorgado al monumento desde sus albores, a finales del siglo XVI. Debido a su pervivencia hasta nuestros días, se plantea un estudio léxico-terminológico monográfico del vocablo “maravilla”/lo “maravilloso” en uno de los textos descriptores del Monasterio que más uso hizo del mismo (así demostrado tras estudios previos comparativos con otras descripciones): la Descripción breve del jerónimo fray Francisco de los Santos (1657). De este modo, la presente investigación, con una metodología inherente a las Humanidades Digitales, arroja luz sobre el significado del concepto en este testimonio, paradigmático de la esencia de la “maravilla” escurialense.</subfield>
   </datafield>
   <datafield ind1="8" ind2=" " tag="024">
      <subfield code="a">Castilla Ortega, M. (2024). El Escorial como “octava Maravilla del mundo”: un estudio léxico-terminológico de “maravilla”/lo “maravilloso” en la Descripción breve de fray Francisco de los Santos (1657). De Arte. Revista de Historia del Arte, 23, 77 - 92.  https://doi.org/10.18002/da.i23.8206</subfield>
   </datafield>
   <datafield ind1="8" ind2=" " tag="024">
      <subfield code="a">https://hdl.handle.net/10630/45628</subfield>
   </datafield>
   <datafield ind1="8" ind2=" " tag="024">
      <subfield code="a">10.18002/da.i23.8206</subfield>
   </datafield>
   <datafield tag="653" ind2=" " ind1=" ">
      <subfield code="a">Humanidades Digitales</subfield>
   </datafield>
   <datafield tag="653" ind2=" " ind1=" ">
      <subfield code="a">Monasterio de El Escorial</subfield>
   </datafield>
   <datafield ind2="0" ind1="0" tag="245">
      <subfield code="a">El Escorial como “octava Maravilla del mundo”: un estudio léxico-terminológico de “maravilla”/lo “maravilloso” en la Descripción breve de fray Francisco de los Santos (1657)</subfield>
   </datafield>
</record>
</metadata></record></GetRecord></OAI-PMH>